00497nam a2200193 a 4500001001300000003000900013005001700022008004100039020001000080082001600090100002500106245003600131260003100167300000900198500003500207505001300242650002300255700002500278nice12345678IN_TiNIC20260116011416.0050524s1895 teha grp 000 0 per  ac10000a181.07bAML aAmli, Md Bil Mahmood aNafaesul Fonoon Fi Araesul Oyun aTehranbNo Publisherc1895 a272p aincludes index and biblioraphy2 aarchives aPhilosophy-Islamic1 aAmli, Md Bil Mahmood